00548cam a22001697a 4500008004000000020001500040082001400055100002200069245007600091260002400167300001000191650002600201650002400227650002300251999001900274952008500293180718b1999 xxu||||| |||| 00| 0 eng d a8122005438 aN400 Sh42 aShekhar, Rajendra aNot a licence to kill: police needs paradigm-shiftcby Rajendra Shekhar aDelhibKonarkc1999 a298p. aPolice administration aPolice - Management aPolice - Attitudes c388491d388491 00104070aIIPAbIIPAd1999-02-18oN400 Sh42p73928r2018-07-21w2018-07-21yBK